Online katalóg knižníc regiónu Turca

Kúzelná gazdinka (Record no. 22718)

MARC details
000 -LEADER
fixed length control field 00870nam a2200289 a 4500
001 - CONTROL NUMBER
control field 22718
003 - CONTROL NUMBER IDENTIFIER
control field SK-KTurca
005 - DATE AND TIME OF LATEST TRANSACTION
control field 20260421152026.0
008 - FIXED-LENGTH DATA ELEMENTS--GENERAL INFORMATION
fixed length control field 991019s1999 xo a r 000 0 slo c
020 ## - INTERNATIONAL STANDARD BOOK NUMBER
International Standard Book Number 8071470759 (brož.)
035 ## - SYSTEM CONTROL NUMBER
System control number UKB000248070
040 ## - CATALOGING SOURCE
Original cataloging agency BAA001
Language of cataloging slo
Transcribing agency BAA001
Description conventions AACR2
041 1# - LANGUAGE CODE
Language code of text/sound track or separate title slo
044 ## - COUNTRY OF PUBLISHING/PRODUCING ENTITY CODE
MARC country code xo
ISO country code SK
080 ## - UNIVERSAL DECIMAL CLASSIFICATION NUMBER
Universal Decimal Classification number 64(035)
100 1# - MAIN ENTRY--PERSONAL NAME
Personal name Pálková, Marta
245 00 - TITLE STATEMENT
Title Kúzelná gazdinka
Remainder of title rady, nápady, tipy do domácnosti
Statement of responsibility, etc. Marta Pálková
260 ## - PUBLICATION, DISTRIBUTION, ETC.
Place of publication, distribution, etc. Bratislava
Name of publisher, distributor, etc. Semic Media
Date of publication, distribution, etc. 1999
300 ## - PHYSICAL DESCRIPTION
Extent 144 s.
Other physical details il
490 1# - SERIES STATEMENT
Series statement Knižnica Ženského magazínu. Dobré rady
Volume/sequential designation 1
500 ## - GENERAL NOTE
General note Hlav. ed. má č. 4
650 07 - SUBJECT ADDED ENTRY--TOPICAL TERM
Topical term or geographic name entry element domácnosť
General subdivision vedenie
-- príručky
653 ## - INDEX TERM--UNCONTROLLED
Uncontrolled term 64(035)
760 1# - MAIN SERIES ENTRY
Title Knižnica Ženského magazínu. Dobré rady
830 #0 - SERIES ADDED ENTRY--UNIFORM TITLE
Uniform title Knižnica Ženského magazínu. Dobré rady
Volume/sequential designation 1
942 ## - ADDED ENTRY ELEMENTS (KOHA)
Source of classification or shelving scheme Dewey Decimal Classification
Koha item type Odborná literatúra pre dospelých
Suppress in OPAC No
Holdings
Stav vyradenia Strata Poškodenie Spôsob nadobudnutia Domovská knižnica Aktuálna knižnica Dátum nadobudnutia Total checkouts Čiarový kód exemplára Date last seen Typ exemplára
      Dar Obecná knižnica Horná Štubňa Obecná knižnica Horná Štubňa 21.04.2026   4736202247 21.04.2026 Odborná literatúra pre dospelých
Projekt je podporený Slovenskou asociáciou knižníc
Prevádzkuje Turčianska knižnica Martin 2026